Madaris mein ghair nasabi sargarmian: (Record no. 356221)
[ view plain ]
| 000 -LEADER | |
|---|---|
| fixed length control field | 00815nam a22002057a 4500 |
| 001 - CONTROL NUMBER | |
| control field | 123569 |
| 003 - CONTROL NUMBER IDENTIFIER | |
| control field | NUST |
| 005 - DATE AND TIME OF LATEST TRANSACTION | |
| control field | 20180305043158.0 |
| 008 - FIXED-LENGTH DATA ELEMENTS--GENERAL INFORMATION | |
| fixed length control field | 180305b ||||| |||| 00| 0 eng d |
| 020 ## - INTERNATIONAL STANDARD BOOK NUMBER | |
| International Standard Book Number | 9789699370304 |
| 082 ## - DEWEY DECIMAL CLASSIFICATION NUMBER | |
| Classification number | 371.89 |
| Author Mark | MAD |
| 245 ## - TITLE STATEMENT | |
| Title | Madaris mein ghair nasabi sargarmian: |
| Remainder of title | talba kay samaji aur taaleemi rujhanat ka aik jaizah / |
| Statement of responsibility, etc. | Murtabeen Muhammad Ismaeel Khan [et al.] |
| 260 ## - PUBLICATION, DISTRIBUTION, ETC. | |
| Place of publication, distribution, etc. | Islamabad: |
| Name of publisher, distributor, etc. | PIPS, |
| Date of publication, distribution, etc. | 2018 |
| 300 ## - PHYSICAL DESCRIPTION | |
| Extent | 132 p. |
| 546 ## - LANGUAGE NOTE | |
| Language note | In Urdu |
| 650 ## - SUBJECT ADDED ENTRY--TOPICAL TERM | |
| Topical term or geographic name entry element | Madaris - Activities |
| 9 (RLIN) | 10078 |
| 880 ## - ALTERNATE GRAPHIC REPRESENTATION | |
| Linkage | 245-02\(3\r |
| Title | مدارس میں غیر نصابی سرگرمیاں: |
| b | طلباء کے سماجی اور تعلیمی رجحانات کا ایک جائزہ |
| 880 ## - ALTERNATE GRAPHIC REPRESENTATION | |
| Linkage | 260\(3\r |
| Title | اسلام آباد: |
| b | پاک انسٹیٹوٹ فار پیس سٹڈیز، |
| c | 2018 |
| 942 ## - ADDED ENTRY ELEMENTS (KOHA) | |
| Source of classification or shelving scheme | |
| Koha item type | Book |
| Withdrawn status | Lost status | Source of classification or shelving scheme | Damaged status | Not for loan | Permanent Location | Current Location | Shelving location | Date acquired | Full call number | Barcode | Date last seen | Copy number | Price effective from | Koha item type |
|---|---|---|---|---|---|---|---|---|---|---|---|---|---|---|
| Central Library (CL) | Central Library (CL) | Book Cart | 03/05/2018 | 371.89 MAD | CL2005 | 03/05/2018 | 1 | 03/05/2018 | Book |
